000 00442nam a22001697a 4500
005 20260109114807.0
008 260109b |||||||| |||| 00| 0 eng d
020 _a978-81-9447-150-9
100 _aSINGH, AVTAR
245 _aINTRODUCTION TO JURISPRUDENCE
250 _a5TH ED
260 _aHARYANA, INDIA
_bLEXISNEXIS
_c2020
300 _aXXXVI, 400P.
500 _aINCLUDES SUBJECT INDEX
650 _aJURISPRUDENCE
942 _2lcc
_cBK
999 _c216440
_d216440